Statistics for Too Late - The Weeknd Lyrics

Click here to take the quiz!

General Stats

  • This quiz has been taken 28 times
  • The average score is 217 of 242

Answer Stats

HintAnswer% Correct
a
100%
I
100%
I,
100%
it
100%
late,
100%
late
100%
me
100%
me,
100%
on
100%
to
100%
you
100%
you,
100%
baby,
96%
baby
96%
be
96%
ChorusIt's
96%
it's
96%
My
96%
my
96%
my-
96%
so
96%
that
96%
the
96%
too
96%
way
96%
When
96%
when
96%
with
96%
babe,
91%
babe
91%
body
91%
I'd
91%
I'm
91%
just
91%
know
91%
know?
91%
light,
91%
light
91%
7xNo-
91%
of
91%
our
91%
own
91%
save
91%
souls,
91%
top
91%
want
91%
your
91%
you're
91%
can't
87%
dark,
87%
down,
87%
get
87%
let
87%
mistakes,
87%
much
87%
never
87%
ooh,
87%
2xooh
87%
rather
87%
thought
87%
we're
87%
We're
87%
where
87%
wrong,
87%
anymore
83%
believe
83%
did
83%
Don't
83%
drown
83%
here
83%
in
83%
live
83%
made
83%
more
83%
over
83%
say
83%
there's
83%
wanna
83%
without
83%
yeah
83%
And,
78%
but
78%
done,
78%
Hell,
78%
high,
78%
should
78%
they
78%
trust
78%
'Cause
74%
flashing
74%
inside
74%
lights
74%
myself
74%
paradise
74%
all
70%
arms
70%
as
70%
comes,
70%
disguised
70%
girl,
70%
how
70%
mind
70%
said
70%
tell
70%
would
70%
darkness
65%
led
65%
now,
65%
right
65%
Sources
65%
thoughts
65%
trying,
65%
Bad
61%
riding
61%
slow
57%
lost
52%

Score Distribution

Percentile by Number Answered

Percent of People with Each Score

Your Score History

You have not taken this quiz